Contabilidad Administrativa (Registro nro. 237371)
[ vista simple ]
| 000 -LEADER | |
|---|---|
| campo de control de longitud fija | 00744nam a2200253Ia 4500 |
| 005 - FECHA Y HORA DE LA ÚLTIMA TRANSACCIÓN | |
| campo de control | 20250425162831.0 |
| 008 - DATOS DE LONGITUD FIJA--INFORMACIÓN GENERAL | |
| campo de control de longitud fija | 250425s9999 xx 000 0 und d |
| 020 ## - NÚMERO INTERNACIONAL ESTÁNDAR DEL LIBRO | |
| Número Internacional Estándar del Libro | 9781456261429 |
| 041 ## - CÓDIGO DE IDIOMA | |
| Código de lengua del texto/banda sonora o título independiente | spa |
| 044 ## - CÓDIGO DEL PAÍS DE LA ENTIDAD EDITORA/PRODUCTORA | |
| Código MARC del país | mx |
| 082 ## - NÚMERO DE LA CLASIFICACIÓN DECIMAL DEWEY | |
| Número de clasificación | 657.8 |
| Iniciales del Autor | RAMc |
| 010 ## - NÚMERO DE CONTROL DE LA BIBLIOTECA DEL CONGRESO | |
| Número de control de LC | 110964 |
| 100 ## - ENTRADA PRINCIPAL--NOMBRE DE PERSONA | |
| Nombre de persona | Ramírez Padilla, David Noel |
| 245 #0 - MENCIÓN DEL TÍTULO | |
| Título | Contabilidad Administrativa |
| Resto del título | un enfoque estratégico para la competitividad |
| Mención de responsabilidad, etc. | David Noel, Ramírez Padilla. |
| 250 ## - MENCION DE EDICION | |
| Mención de edición | 10A ED. |
| 264 ## - PRODUCCIÓN, PUBLICACIÓN, DISTRIBUCIÓN, FABRICACIÓN Y COPYRIGHT | |
| Producción, publicación, distribución, fabricación y copyright | México, S.L. |
| Nombre del de productor, editor, distribuidor, fabricante | MACGRAW HILL EDUCATION |
| Fecha de producción, publicación, distribución, fabricación o copyright | 2019. |
| 300 ## - DESCRIPCIÓN FÍSICA | |
| Extensión | 576 páginas |
| Otras características físicas | Ilustrado |
| Dimensiones | 30 x 20 cm |
| 500 ## - NOTA GENERAL | |
| Nota general | Contiene tablas. |
| 650 ## - PUNTO DE ACCESO ADICIONAL DE MATERIA--TÉRMINO DE MATERIA | |
| Término de materia o nombre geográfico como elemento de entrada | Competitividad |
| 650 ## - PUNTO DE ACCESO ADICIONAL DE MATERIA--TÉRMINO DE MATERIA | |
| Término de materia o nombre geográfico como elemento de entrada | Contabilidad |
| 650 ## - PUNTO DE ACCESO ADICIONAL DE MATERIA--TÉRMINO DE MATERIA | |
| Término de materia o nombre geográfico como elemento de entrada | Enfoque estratégico |
| 902 ## - ELEMENTOS DE DATOS B LOCAL, LDB (RLIN) | |
| a | Libro |
| c | Impreso |
| 942 ## - ELEMENTOS DE ENTRADA SECUNDARIOS (KOHA) | |
| Tipo de ítem Koha | Libros |
| Estatus retirado | Estado de pérdida | Estado de daño | No para préstamo | Biblioteca de origen | Biblioteca actual | Fecha de adquisición | Coste, precio normal de compra | Total de préstamos | Código de barras | Copia número | Nota pública |
|---|---|---|---|---|---|---|---|---|---|---|---|
| ESCUELA DE NEGOCIOS | ESCUELA DE NEGOCIOS | 13/01/2020 | 48.00 | CP-17659 | 1 | COMPRA | |||||
| ESCUELA DE NEGOCIOS | ESCUELA DE NEGOCIOS | 13/01/2020 | 48.00 | CP-17660 | 2 | COMPRA | |||||
| ESCUELA DE NEGOCIOS | ESCUELA DE NEGOCIOS | 24/10/2022 | 48.00 | CP-17702 | 3 | COMPRA | |||||
| ESCUELA DE NEGOCIOS | ESCUELA DE NEGOCIOS | 24/10/2022 | 48.00 | CP-17703 | 4 | COMPRA |